25 Familles dans les Mangas / Animes - Statistiques

Statistiques générales
  • Ce quiz a été pris 1 223 fois
  • Le résultat moyen est 13 sur 25
Statistiques - réponses
Par images Réponse % Correct
Uchiha
94%
Uzumaki
94%
Monkey
91%
Ackerman
83%
Zoldyck
77%
Jager
76%
Yagami
75%
Todoroki
73%
Elric
66%
Nara
62%
Joestar
59%
Vinsmoke
59%
Kurosaki
56%
Zenin
51%
Hanma
47%
Charlotte
45%
Boa
39%
Reiss / Fritz
28%
Sano
23%
Silva
22%
Vermillion
21%
Kusakabe
20%
Strauss
17%
Hyuga / Landers
14%
Thorsson / Karlsefni
8%
Aucun quiz correspondant
Distribution des résultats
% des personnes avec chaque résultat
Percentile par nombre de réponses
Votre historique - résultats
Vous n’avez pas pris ce quiz